000 00192 a2200097 4500
020 _a9780822531715
041 _aspa
100 _aPatricia J. Murphy
245 _aMantenerse feliz
942 _cBK
999 _c11789
_d11789